|
|
|
|
| LEADER |
00000nam a2200000 a 4500 |
| 001 |
vtls001287736 |
| 003 |
SK-MaSNL |
| 005 |
20260301064854.0 |
| 008 |
160415s1997 xo a y 0 slo |
| 015 |
|
|
|a SNBE1997/0301136
|
| 035 |
|
|
|a SNK000239323
|
| 040 |
|
|
|a SNK
|b slo
|c SNK
|e AACR2
|
| 041 |
0 |
|
|a slo
|
| 044 |
|
|
|a xo
|c SK
|
| 080 |
|
|
|a 792.077.091.4(083.9)
|2 1981
|
| 111 |
1 |
|
|a Palárikova Raková
|n (30. :
|d 1997 :
|c Raková a Čadca, Slovensko)
|4 aut
|9 89977
|
| 245 |
1 |
|
|a Ohlasy 30. ročníka Palárikovej Rakovej, 23.-27. apríla 1997
|n 2
|c zostavila: Katarína Šulganová
|
| 260 |
|
|
|a Čadca
|b Kysucké osvetové stredisko
|c [1997]
|
| 300 |
|
|
|a 21 s., [6] s. obr. príl. v prebale
|c 30x22 cm
|
| 610 |
0 |
7 |
|a Palárikova Raková
|b 30.
|d 1997
|x ohlasy
|x spravodaje informačné
|2 SNK
|9 382794
|
| 611 |
1 |
7 |
|a Palárikova Raková
|n 30.
|d 1997
|c Raková a Čadca, Slovensko
|x ohlasy
|x spravodaje informačné
|2 SNK
|9 382795
|
| 651 |
|
7 |
|a 5302
|2 SNK
|9 286367
|
| 655 |
|
7 |
|a informačné publikácie
|2 SNK
|9 70181
|
| 700 |
1 |
|
|a Šulganová, Katarína
|4 com
|9 382796
|
| 958 |
|
|
|a TL
|
| 999 |
|
|
|c 628539
|d 630469
|
| 952 |
|
|
|t P60, <03>, [BOOK], {603}
|a SNK
|b SNK
|y PREZ
|7 0
|p 17A0066433
|o snkOSB 11383/2
|i snkKSP 5123/97
|0 0
|1 0
|4 0
|d 1997-05-22
|l 0
|r 2005-01-02 00:00:00
|w 2026-02-23
|
| 952 |
|
|
|t P60, <04>, [BOOK], {604}
|a SNK
|b SNK
|y VYP
|7 0
|p 17A0066294
|o snkOSB 11383/2 D1
|i snkKSP 5261/97
|0 0
|1 0
|4 0
|d 1997-05-27
|l 0
|r 2005-01-02 00:00:00
|w 2026-02-23
|